Les postes du basket-ball - Statistiques

Statistiques générales
  • Ce quiz a été pris 2 011 fois
  • Le résultat moyen est 4 sur 5
Statistiques - réponses
Joueur à ce poste Poste % Correct
Stephen Curry Meneur
98%
Shaquille O'Neal Pivot
95%
Lebron James Ailier
90%
Michael Jordan Arrière
83%
Tim Duncan Ailier fort
78%
Aucun quiz correspondant
Distribution des résultats
% des personnes avec chaque résultat
Percentile par nombre de réponses
Votre historique - résultats
Vous n’avez pas pris ce quiz